Vaishnava jeevan charita/ (Record no. 11814)

MARC details
000 -LEADER
fixed length control field 00533nam a22001817a 4500
005 - DATE AND TIME OF LATEST TRANSACTION
control field 20260515115022.0
008 - FIXED-LENGTH DATA ELEMENTS--GENERAL INFORMATION
fixed length control field 240522b |||||||| |||| 00| 0 eng d
040 ## - CATALOGING SOURCE
Original cataloging agency IN-DiNC
Transcribing agency IN-DiNC
041 ## - LANGUAGE CODE
Language code of sung or spoken text asm
082 ## - DEWEY DECIMAL CLASSIFICATION NUMBER
Classification number 920
Item number SAR
100 ## - MAIN ENTRY--PERSONAL NAME
Personal name Sarma, Kami Ram
Relator term author
245 ## - TITLE STATEMENT
Title Vaishnava jeevan charita/
Statement of responsibility, etc. by Kami Ram Sarma
250 ## - EDITION STATEMENT
Edition statement 1st ed.
Remainder of edition statement V. 3
260 ## - PUBLICATION, DISTRIBUTION, ETC.
Place of publication, distribution, etc. Guwahati:
Name of publisher, distributor, etc. Central Institute of Indian Languages,
Date of publication, distribution, etc. 2015.
300 ## - PHYSICAL DESCRIPTION
Extent 320p.
650 ## - SUBJECT ADDED ENTRY--TOPICAL TERM
Topical term or geographic name entry element Biography of some eminent Vaishnava Saints of Assam
942 ## - ADDED ENTRY ELEMENTS (KOHA)
Source of classification or shelving scheme Dewey Decimal Classification
Koha item type Books
Holdings
Withdrawn status Lost status Damaged status Not for loan Collection Home library Current library Shelving location Date acquired Cost, normal purchase price Total checkouts Full call number Barcode Date last seen Copy number Price effective from Koha item type
          Naharkatiya College Library Naharkatiya College Library General stacks 05/22/2024 150.00   920 SAR 30011 05/22/2024 1 05/22/2024 Books